MDQL
is popping MORE tags! Check the
thread
!
Quizzes
Events
Quiz Creation
Community
Videos
Private Events
Remove Ads
Sign In
Join for FREE
Feedback
Dark Mode
Quiz Categories
Sports
Geography
Music
Movies
Television
Just For Fun
Miscellaneous
History
Literature
Language
Science
Gaming
Entertainment
Religion
Holiday
For Kids
Quiz Lab
Recent
Popular Today
Quiz Kudos Today
Editor Picks
Curator Picks
Quizzes by...
Day
Popularity
Type
Ratings
Length
Year
Community
Subscriptions
Recent Discussions
Orange Saloon
Badges
Playlists
Quests
Create
Leaderboards
Showdown
Live 5
Trivia Bingo
Activity
Puzzle Library
Sporcle Events
Private Events
Virtual Trivia
Globe League
Become a Host
Pub Owners
SporcleCon
Opinionation
Our Games
Videos
Blog
Mobile Apps
Partnerships
Remove Ads and Go Orange
Feedback
Just For Fun
Clickable
Get the Picture
Humor
Quick Pick
Word Ladder
Missing Word
Mixed Word
Blitz
Minefield
This or That
Alphabet
Color
Typing
Sporcle
Puzzle
Word Play
Follow That Line
Logic
Just For Fun
Clickable
Get the Picture
Humor
Quick Pick
Word Ladder
Missing Word
Mixed Word
Blitz
Minefield
This or That
Alphabet
Color
Typing
Sporcle
Puzzle
Word Play
Follow That Line
Logic
Random Quiz
Search Sporcle
×
Quiz Lab
Quiz Lab
Just For Fun
Top 50
Type in answers that appear in a list
Type in answers that appear in a list
Classic
Best Score? Go Orange.
Top 50 Boy Names of the 2000's Stats
Can you name the Top 50 Boy Names of the 2000's?
By
kevin98789
6m
50 Questions
119 Plays
119 Plays
119 Plays
Comments
Comments
Give Quiz Kudos
Give Quiz Kudos
-
- Ratings
hide this ad
Replay
Link that replays current quiz
Next Quiz
Link to next quiz in quiz playlist
You Got
0%
They Got
Avg Score
46%
Avg Friend Score
Upgrade to see
Score Distribution
Jump to the score distribution portion of the page
Score
0/50
Timer
06:00
0
Plays Today
Rank
Name
% Correct
8.
Michael
84%
44.
John
81.5%
4.
Matthew
79.8%
43.
David
75.6%
24.
William
74.8%
30.
Christopher
73.1%
2.
Jacob
72.3%
31.
James
70.6%
6.
Jack
69.7%
10.
Andrew
68.9%
9.
Ryan
66.4%
50.
Thomas
66.4%
28.
Daniel
63%
38.
Luke
60.5%
7.
Joshua
58.8%
46.
Samuel
58.8%
20.
Alexander
57.1%
26.
Joseph
57.1%
5.
Nicholas
56.3%
25.
Nathan
52.9%
12.
Tyler
51.3%
3.
Ethan
50.4%
29.
Benjamin
50.4%
15.
Zachary
47.1%
36.
Brandon
45.4%
Rank
Name
% Correct
39.
Anthony
44.5%
27.
Justin
42%
47.
Sean
42%
33.
Evan
40.3%
23.
Lucas
39.5%
1.
Aiden
37.8%
21.
Jackson
36.1%
16.
Connor
31.9%
45.
Jonathan
31.9%
13.
Dylan
30.3%
34.
Austin
29.4%
40.
Christian
29.4%
42.
Owen
29.4%
18.
Caleb
28.6%
35.
Cameron
28.6%
19.
Noah
27.7%
49.
Elijah
26.9%
17.
Logan
24.4%
41.
Gabriel
24.4%
22.
Brayden
22.7%
48.
Hunter
22.7%
14.
Jaden
21%
37.
Mason
21%
11.
Caden
19.3%
32.
Gavin
13.4%
Quiz Playlist
Details
Report
Send in Message
Add To Playlist
Classic:
Type in answers that appear in a list
Quiz Source
Last Updated: Feb 16, 2017
Quiz Scoreboard
CHALLENGE
Sign Up to Join the Scoreboard
Show All
Scores
Hide
Comments
May contain spoilers
Recently Published
Find the 'City' Movie
by crazypaving
Movies
60s
5x2 Blitz: Bands
by SL_Kpop136
Music
30s
Colored Red Africa Blitz
by spor1
Geography
30s
More to Explore
Quiz From the Vault
Featured Blog Post
14 Easter Pick-up Lines to Find Eggs With
hide this ad
You Might Also Like...
Tags
2000
Boy
Boys Names
Top 50
Today's Top Quizzes in Just For Fun
Browse Just For Fun
hide this ad
Today's Top Quizzes in Top 50
Browse Top 50
Top Contributed Quizzes in Just For Fun
1
Name Just One - 10 to 1: Just For Fun
2
Avatar the Last Airbender: Logic Puzzle
3
Missing Word: 2-Letter A-Z II
4
Missing Letter Whitney Houston Songs
5
Survivor Winners Logic Puzzle
6
It's Magic / Witchcraft 🎩🪄🧙♀️
7
Missing Word: 'Of' Things A-Z
8
Shadowhunters Protagonists Logic Quiz
9
Quick 5-Color Logic (18)
10
Medium Renzoku Puzzle 11
Explore More
Trending Topics
Harry Potter
Disney
NBA
Anime
Marvel
Kpop
Crossword
Soccer
The Office
Pokémon
NFL
Puzzle
WWE
Song
Country
hide this ad
More By:
kevin98789
Quiz
Plays
Rating
Category
Featured
Created
starting rookie qbs since 2000
1,712
1.60
Sports
Dec 13, 2010
Greatest Oakland Raiders of All-Time
395
3.00
Sports
Nov 2, 2010
Best First Basemen of all-time
352
3.00
Sports
Nov 10, 2010
100 Worst NFL players of all time
297
2.50
Sports
Nov 22, 2010
top 20 WR by revieving yards alma maters
201
2.50
Sports
Dec 22, 2010
Go to Creator's Profile
Score Distribution
Quiz Creator Spotlight
kevin98789
Follow
Send a Message
Quizzes Created
-
Created Quiz Play Count
-
More By This Creator
Popular Quizzes Today
1
Colored Red Africa Blitz
2
Find the 'City' Movie
3
Find the US States - No Outlines Minefield
4
5x2 Blitz: Bands
5
The Countries of the World
6
Find the US States
7
US States
8
Find the Countries of Europe - No Outlines Minefield
More Just For Fun Quizzes
Word Ladder: Hobbit Chapters
Published
Trending Quizzes
Colored Red Europe Blitz I
Colored Red Europe Blitz II
Colored Red Africa Blitz II
Colored Red Europe Blitz III
Colored Red Africa Blitz III
Recently Updated
How Do You Spell That?
pecheneg
Godzilla Movies
pecheneg
Grab Bag: 4-10 Letters
pecheneg
2024 March Madness Bracket
pecheneg
Famous TV Couples
Peacemaker
Champions League XIs: Real Madrid
pecheneg
Largest US Cities 1790-2010
pecheneg
Rides in Walt Disney World
pecheneg
Most Oscar Losses (Acting)
pecheneg
Beyoncé Albums
pecheneg
Trending Topics
Harry Potter
Disney
Kpop
Marvel
Anime
NBA
Crossword
NFL
Puzzle
Soccer
The Office
Song
Pokémon
Country
WWE
Your Account Isn't Verified!
In order to create a playlist on Sporcle, you need to verify the email address you used during registration. Go to your
Sporcle Settings
to finish the process.
Report this User
Report this user for behavior that violates our
Community Guidelines
.
Details:
Send Report
Go to the Sporcle.com Mobile Site →
Comments